000
00385nam a22000977a 4500
100
_a
अस्थाना,डॉ.रोहिताश्व
_9
79481
245
_a
मेरे प्रिय बालगीत
260
_a
दिल्ली
_b
ज्ञानधारा पब्लिकेशन
_c
2019
650
_a
चिल्ड्रन बुक
_9
159
942
_c
HIN
999
_c
63093
_d
63093